|
|
|
|
| LEADER |
00000nab a2200000 a 4500 |
| 001 |
vtls000352388 |
| 003 |
SK-MaSNL |
| 005 |
20260302230120.0 |
| 008 |
160201c1987 xo 0 cze |
| 015 |
|
|
|a SNBRA19rr/mm-uuuuu
|
| 035 |
|
|
|a CL0352510
|
| 040 |
|
|
|a SNKBUCL
|b slo
|c SNKBUCL
|e AACR2
|
| 041 |
0 |
|
|a cze
|
| 044 |
|
|
|a xo
|c SK
|
| 080 |
|
|
|a 625.57:630 3
|2 1981
|
| 080 |
|
|
|a 630 3
|2 1981
|
| 080 |
|
|
|a 691
|2 1981
|
| 100 |
1 |
|
|a Horek, Přemysl
|4 aut
|9 574242
|
| 245 |
1 |
0 |
|a Zkušenosti s uplatněním lesních lanovek při dopravě stavebních materiálů
|c Přemysl Horek, Zdeněk Réman
|
| 300 |
|
|
|b Obr. 6. Tb. 1.
|
| 650 |
0 |
7 |
|a nákladné lanovky
|2 snkbucl
|9 239102
|
| 655 |
|
7 |
|a články zo zborníkov
|2 snkbucl
|9 166140
|
| 700 |
1 |
|
|a Réman, Zdeněk
|4 aut
|9 959336
|
| 773 |
0 |
|
|t Zníženie energetickej náročnosti pri preprave nákladov použitím lanoviek
|d Žilina : Dom techniky ČSVTS, 1987
|g S. 160-175
|
| 850 |
|
|
|a Slovenská národná knižnica v Martine
|a MTA001
|
| 852 |
|
|
|a SNK
|b KIS3GCP
|
| 958 |
|
|
|a RK
|
| 958 |
|
|
|a CZ
|
| 992 |
|
|
|a RZB
|
| 999 |
|
|
|c 1532221
|d 1534151
|